Código administrativo general
Đã lưu trong:
| Tác giả chính: | |
|---|---|
| Định dạng: | Sách |
| Ngôn ngữ: | Tiếng Tây Ban Nha |
| Được phát hành: |
Santiago, Chile
Legal Publishing
2011
|
| Phiên bản: | Cuarta edición |
| Những chủ đề: | |
| Các nhãn: |
Thêm thẻ
Không có thẻ, Là người đầu tiên thẻ bản ghi này!
|
MARC
| LEADER | 00000nam a2200000 a 4500 | ||
|---|---|---|---|
| 001 | UCG6717 | ||
| 003 | CL-VaPUC | ||
| 005 | 20210519172012.0 | ||
| 008 | 110512e20110200CL |||||||||||||||||spa|d | ||
| 999 | |c 344863 |d 344861 | ||
| 020 | |a 9789562389532 | ||
| 040 | |c Pontificia Universidad Católica de Valparaíso | ||
| 082 | 0 | 4 | |a 342.8306 VER 2011 |2 21 |
| 100 | 0 | |a Vergara Blanco, Alejandro |e autor |9 557061 | |
| 245 | 1 | 0 | |a Código administrativo general |
| 250 | |a Cuarta edición | ||
| 260 | 0 | 3 | |a Santiago, Chile |b Legal Publishing |c 2011 |
| 300 | |a 878 páginas | ||
| 500 | |a Normas actualizadas al 21 de febrero de 2011, incluye sistematización de las leyes administrativas anotadas y actualizadas, índice temático | ||
| 583 | |a last modification |c 20110512 00:00:00 |k Rodrigo Vera | ||
| 650 | 0 | |a Derecho administrativo |9 254851 | |
| 650 | 0 | |a Acción administrativa |9 391159 | |
| 650 | 0 | |a Jurisprudencia |9 255952 | |
| 942 | |c BK |2 ddc | ||
| 945 | |d 20110512 00:00:00 |a jcampos | ||
| 952 | |0 0 |1 0 |2 ddc |4 0 |6 342_830600000000000_VER_2011 |7 0 |8 R |9 443186 |a BIBDER |b BIBDER |d 2019-11-22 |i 4776453 |o 342.8306 VER 2011 |p 4776453 |r 2023-01-25 |t 1 |w 2019-11-22 |y BK_R |k DER | ||
| 952 | |0 0 |1 0 |2 ddc |4 0 |6 342_830600000000000_VER_2011 |7 0 |8 R |9 443187 |a BIBDER |b BIBDER |d 2019-11-22 |i 4776461 |o 342.8306 VER 2011 |p 4776461 |r 2023-01-25 |t 2 |w 2019-11-22 |y BK_R |k DER | ||
| 952 | |0 0 |1 0 |2 ddc |4 0 |6 342_830600000000000_VER_2011 |7 0 |8 R |9 443188 |a BIBDER |b BIBDER |d 2019-11-22 |i 477647K |o 342.8306 VER 2011 |p 477647K |r 2023-01-25 |t 3 |w 2019-11-22 |y BK_R |k DER | ||
| 952 | |0 0 |1 0 |2 ddc |4 0 |6 342_830600000000000_VER_2011 |7 0 |8 R |9 443189 |a BIBDER |b BIBDER |d 2019-11-22 |i 4776488 |o 342.8306 VER 2011 |p 4776488 |r 2023-01-25 |t 4 |w 2019-11-22 |y BK_R |k DER | ||
| 952 | |0 0 |1 0 |2 ddc |4 0 |6 342_830600000000000_VER_2011 |7 0 |8 R |9 443190 |a BIBDER |b BIBDER |d 2019-11-22 |i 4776496 |o 342.8306 VER 2011 |p 4776496 |r 2023-01-25 |t 5 |w 2019-11-22 |y BK_R |k DER | ||
| 952 | |0 0 |1 0 |2 ddc |4 0 |6 342_830600000000000_VER_2011 |7 0 |8 R |9 443191 |a BIBDER |b BIBDER |d 2019-11-22 |i 477650K |l 2 |o 342.8306 VER 2011 |p 477650K |r 2025-05-09 |s 2025-05-09 |t 6 |w 2019-11-22 |y BK_R |k DER | ||
| 952 | |0 0 |1 0 |2 ddc |4 0 |6 342_830600000000000_VER_2011 |7 0 |8 R |9 443192 |a BIBDER |b BIBDER |d 2019-11-22 |i 4776518 |l 1 |o 342.8306 VER 2011 |p 4776518 |r 2023-01-25 |s 2022-06-01 |t 7 |w 2019-11-22 |y BK_R |k DER | ||
| 952 | |0 0 |1 0 |2 ddc |4 0 |6 342_830600000000000_VER_2011 |7 0 |8 R |9 443193 |a BIBDER |b BIBDER |d 2019-11-22 |i 4776526 |l 2 |o 342.8306 VER 2011 |p 4776526 |r 2023-11-21 |s 2023-11-21 |t 8 |w 2019-11-22 |y BK_R |k DER | ||
| 952 | |0 0 |1 0 |2 ddc |4 0 |6 342_830600000000000_VER_2011 |7 0 |8 R |9 443194 |a BIBDER |b BIBDER |d 2019-11-22 |i 4776534 |o 342.8306 VER 2011 |p 4776534 |r 2023-01-25 |t 9 |w 2019-11-22 |y BK_R |k DER | ||
| 952 | |0 0 |1 0 |2 ddc |4 0 |6 342_830600000000000_VER_2011 |7 0 |8 R |9 443195 |a BIBDER |b BIBDER |d 2019-11-22 |i 4776542 |o 342.8306 VER 2011 |p 4776542 |r 2023-01-25 |t 10 |w 2019-11-22 |y BK_R |k DER | ||